000 00970nam a22002057a 4500
008 100321t xxu||||| |||| 00| 0 eng d
020 _a8120321863
020 _a9788120321861
082 _222
_a006.32
_bRAJ
100 _aRajasekaran, S.
_912928
245 _aNeural Networks, Fuzzy Logic, and Genetic Algorithms:
_bSynthesis and Applications /
_cS.Rajasekaran, G.A. Vijayalakshmi Pai.
260 _aNew Delhi:
_bPrentice-Hall of India, 2009
_c2009.
300 _a439 p. ;
_bill. ;
_c25 cm. +
_e1 CD-ROM (4 3/4 in.)
500 _aIncludes Index.
650 _aNeural Networks (Computer Science).
_912929
653 _bCS
942 _2ddc
_cBB
999 _c13741
_d13741